German Cities by Photos - Statistics

General Stats
  • This quiz has been taken 22 times
  • The average score is 13 of 20
Answer Stats
Picture Answer % Correct
Berlin
95%
Cologne
95%
Frankfurt
95%
Hamburg
95%
Munich
95%
Dresden
91%
Bremen
82%
Leipzig
77%
Hanover
73%
Lübeck
68%
Nuremberg
68%
Potsdam
68%
Wuppertal
64%
Heidelberg
55%
Treves
55%
Aachen
45%
Erfurt
41%
Bamberg
36%
Münster
32%
Wittenberg
5%
No matching quizzes found
Score Distribution
Percent of People with Each Score
Percentile by Number Answered
Your Score History
You have not taken this quiz